[Event "Dortmund op-B"]
[Site "Dortmund"]
[Date "2007.06.26"]
[Round "4"]
[White "Aksoy, Sabri"]
[Black "Pilat, Fabian"]
[Result "1-0"]
[WhiteElo "1634"]
[BlackElo "1382"]
[PlyCount "85"]
[EventDate "2007.06.22"]
[EventType "swiss"]
[EventRounds "9"]
[EventCountry "GER"]
[SourceTitle "EXT 2008"]
[Source "ChessBase"]
[SourceDate "2007.11.25"]
[SourceVersion "1"]
[SourceVersionDate "2007.11.25"]
[SourceQuality "1"]

1. d4 d5 2. Nf3 Nf6 3. g3 Bg4 4. Ne5 Bf5 5. Nd2 e6 6. Bg2 Be7 7. 0-0 0-0 8. Ndf3 Nbd7 9. Nxd7 Qxd7 10. Ne5 Qd8 11. c3 Nd7 12. Nd3 Bg5 13. f3 Bxc1 14. Rxc1 Nf6 15. Nf2 Bg6 16. e4 c6 17. e5 Nd7 18. f4 Re8 19. Re1 Qb6 20. Qd2 a5 21. Bf1 Qd8 22. Bd3 Nf8 23. Qc2 Rc8 24. Re3 Qd7 25. g4 Qe7 26. Rg3 Bxd3 27. Qxd3 f6 28. exf6 Qxf6 29. Nh3 Rc7 30. Re1 Ree7 31. Rge3 Qh4 32. Qe2 Kh8 33. Ng5 Qh6 34. Nxe6 Nxe6 35. Rxe6 Qxe6 36. Qxe6 Rxe6 37. Rxe6 h6 38. Kf2 Kg8 39. h4 Kf7 40. Re5 g6 41. Kg3 b5 42. a3 Kf6 43. h5 1-0

[Event "Dortmund Sparkassen op-B"]
[Site "Dortmund"]
[Date "2006.08.04"]
[Round "7"]
[White "Rohsiepe, Sebastian"]
[Black "Aksoy, Sabri"]
[Result "0-1"]
[WhiteElo "1567"]
[BlackElo "1690"]
[PlyCount "144"]
[EventDate "2006.07.28"]
[EventType "swiss"]
[EventRounds "9"]
[EventCountry "GER"]
[SourceTitle "CBM 113 Extra"]
[Source "ChessBase"]
[SourceDate "2006.09.14"]
[SourceVersion "1"]
[SourceVersionDate "2006.09.14"]
[SourceQuality "1"]

1. e4 c5 2. c3 Nc6 3. d4 cxd4 4. cxd4 d5 5. e5 Bf5 6. Nc3 e6 7. Nf3 Bg4 8. Be2 Nge7 9. Bg5 h6 10. Bxe7 Bxe7 11. Qb3 Qd7 12. Rd1 0-0 13. 0-0 a6 14. h3 Bf5 15. Bd3 Bxd3 16. Rxd3 Rac8 17. Rc1 b5 18. a3 Rc7 19. Qc2 Rfc8 20. Qe2 b4 21. axb4 Nxb4 22. Rdd1 Rc4 23. h4 Bd8 24. Ra1 Bb6 25. g4 a5 26. Na4 Ba7 27. Nc3 Nc6 28. Nb5 Bb8 29. Nc3 Qd8 30. Ra4 Nb4 31. Na2 Rc2 32. Rd2 Rxd2 33. Nxd2 Nxa2 34. Rxa2 Rc1+ 35. Nf1 Ba7 36. Qd2 Qc7 37. Rxa5 Rc4 38. Ne3 Rxd4 39. Qc3 Qe7 40. Qc8+ Kh7 41. Qc2+ g6 42. h5 Re4 43. hxg6+ fxg6 44. Qe2 d4 45. Qf3 Qb7 46. Rxa7 Qxa7 47. Qxe4 dxe3 48. fxe3 Qa1+ 49. Kf2 Qxb2+ 50. Kf3 Qb5 51. Qf4 Qb7+ 52. Kf2 Qe7 53. Ke2 Kg7 54. Kd2 Qf7 55. Qd4 h5 56. gxh5 gxh5 57. Ke2 Kg6 58. Qd8 Kf5 59. Qd4 Kg5 60. Qd8+ Kf5 61. Qd4 Kg5 62. e4 h4 63. Qd2+ Kg4 64. Qe3 Qf4 65. Qd4 Qf3+ 66. Kd2 Kg3 67. Qd8 h3 68. Qg5+ Qg4 69. Qe3+ Kg2 70. Kc2 Qf3 71. Qg5+ Qg3 72. Qd8 h2 0-1

[Event "Dortmund Sparkassen op-B"]
[Site "Dortmund"]
[Date "2006.08.03"]
[Round "6"]
[White "Aksoy, Sabri"]
[Black "Hardt, Helmut"]
[Result "0-1"]
[WhiteElo "1690"]
[BlackElo "2009"]
[PlyCount "96"]
[EventDate "2006.07.28"]
[EventType "swiss"]
[EventRounds "9"]
[EventCountry "GER"]
[SourceTitle "CBM 113 Extra"]
[Source "ChessBase"]
[SourceDate "2006.09.14"]
[SourceVersion "1"]
[SourceVersionDate "2006.09.14"]
[SourceQuality "1"]

1. d4 Nf6 2. Nf3 c5 3. c3 cxd4 4. cxd4 d5 5. g3 Nc6 6. Bg2 Bg4 7. Nc3 e6 8. 0-0 Rc8 9. Bf4 Bd6 10. Bxd6 Qxd6 11. a3 0-0 12. Rc1 Na5 13. Ne5 Bh5 14. Qa4 Qb6 15. e3 Nc4 16. Nxc4 Rxc4 17. Qb5 Qc7 18. Na2 Be2 19. Qb3 Bxf1 20. Rxf1 Rc8 21. Nc3 a6 22. Bf3 Ne4 23. Nxe4 dxe4 24. Bxe4 b5 25. Qd3 f5 26. Bf3 Rc2 27. Qb3 Qc4 28. Qxc4 R2xc4 29. Bb7 Rb8 30. Bxa6 Rb6 31. Bxb5 Rxb5 32. b4 Rc3 33. Ra1 Rb8 34. Kf1 Ra8 35. a4 Rb3 36. b5 Rxb5 37. Ke2 Rba5 38. h4 Rxa4 39. Rc1 Kf7 40. Kf3 Kf6 41. g4 fxg4+ 42. Kxg4 Ra2 43. Kf3 R8a5 44. Rf1 Rf5+ 45. Kg3 g5 46. hxg5+ Rxg5+ 47. Kh4 Rg2 48. f3 Kf5 0-1

[Event "Dortmund Sparkassen op-B"]
[Site "Dortmund"]
[Date "2006.08.01"]
[Round "4"]
[White "Gronau, Holger"]
[Black "Aksoy, Sabri"]
[Result "0-1"]
[WhiteElo "1610"]
[BlackElo "1690"]
[PlyCount "56"]
[EventDate "2006.07.28"]
[EventType "swiss"]
[EventRounds "9"]
[EventCountry "GER"]
[SourceTitle "CBM 113 Extra"]
[Source "ChessBase"]
[SourceDate "2006.09.14"]
[SourceVersion "1"]
[SourceVersionDate "2006.09.14"]
[SourceQuality "1"]

1. d4 d5 2. Nf3 Nf6 3. Bg5 Ne4 4. Bh4 g6 5. c3 Bg7 6. Nbd2 Nxd2 7. Qxd2 Nd7 8. e3 0-0 9. Bd3 Qe8 10. 0-0 e5 11. dxe5 Nxe5 12. Nxe5 Bxe5 13. Bg3 Bxg3 14. hxg3 Be6 15. Rae1 f5 16. Kh2 Rd8 17. Rh1 Rd6 18. Kg1 Qd7 19. f4 c5 20. Qe2 a6 21. Kf2 Re8 22. b4 d4 23. Qf1 dxc3 24. Rd1 cxb4 25. Bc4 Rxd1 26. Bxe6+ Qxe6 27. Qxd1 Qxe3+ 28. Kf1 Qe4 0-1

[Event "Dortmund Sparkassen op-B"]
[Site "Dortmund"]
[Date "2006.07.28"]
[Round "2"]
[White "Gohlke, Philipp"]
[Black "Aksoy, Sabri"]
[Result "1-0"]
[WhiteElo "1374"]
[BlackElo "1690"]
[PlyCount "81"]
[EventDate "2006.07.28"]
[EventType "swiss"]
[EventRounds "9"]
[EventCountry "GER"]
[SourceTitle "CBM 113 Extra"]
[Source "ChessBase"]
[SourceDate "2006.09.14"]
[SourceVersion "1"]
[SourceVersionDate "2006.09.14"]
[SourceQuality "1"]

1. e4 c5 2. Nf3 d6 3. d4 cxd4 4. Qxd4 Nc6 5. Bb5 Bd7 6. Bxc6 Bxc6 7. Nc3 h6 8. Be3 Nf6 9. h3 e6 10. 0-0-0 Qc7 11. Qd3 a6 12. Nd4 Rc8 13. f4 b5 14. Nxc6 Qxc6 15. e5 b4 16. Ne2 Nd5 17. Bd4 dxe5 18. fxe5 Be7 19. h4 a5 20. Kb1 a4 21. Rc1 0-0 22. g4 g6 23. Ng3 Kg7 24. h5 g5 25. Rhf1 Nf4 26. Qe4 Qc4 27. Be3 Nd5 28. Bd4 Rb8 29. Ba7 Nc3+ 30. bxc3 bxc3+ 31. Ka1 Qc7 32. Bxb8 Rxb8 33. Rb1 Ba3 34. Qd4 Bb2+ 35. Rxb2 Rxb2 36. Rc1 Rb5 37. Ne2 Rc5 38. Rb1 Rc4 39. Qd6 Qa7 40. Rb8 Qc5 41. Qd8 1-0

[Event "Werther Schloss op-B 11th"]
[Site "Werther"]
[Date "2005.03.19"]
[Round "2"]
[White "Aksoy, Sabri"]
[Black "Grochtmann, Stephan"]
[Result "0-1"]
[WhiteElo "1750"]
[BlackElo "2091"]
[PlyCount "86"]
[EventDate "2005.03.18"]
[EventType "swiss"]
[EventRounds "5"]
[EventCountry "GER"]
[SourceTitle "EXT 2006"]
[Source "ChessBase"]
[SourceDate "2005.11.24"]
[SourceVersion "1"]
[SourceVersionDate "2005.11.24"]
[SourceQuality "1"]

1. d4 Nf6 2. Nf3 b6 3. g3 e6 4. Bg2 c5 5. c3 Bb7 6. 0-0 d6 7. Bg5 Be7 8. Nbd2 Nbd7 9. Re1 h6 10. Bxf6 Nxf6 11. e4 0-0 12. e5 dxe5 13. dxe5 Nd7 14. Qc2 Qc7 15. Rad1 Rfd8 16. c4 Nf8 17. h4 Rd7 18. Nf1 Rad8 19. Rxd7 Rxd7 20. Rd1 Bxf3 21. Rxd7 Nxd7 22. Bxf3 Nxe5 23. Bd1 Nc6 24. Ne3 Nd4 25. Qc3 Bd6 26. Kg2 Qc8 27. Nc2 f5 28. Qd3 Qc6+ 29. f3 Be5 30. Nxd4 Bxd4 31. b4 Qd6 32. f4 cxb4 33. Bf3 Qc5 34. Qe2 Kf7 35. h5 Qd6 36. Bb7 a5 37. Ba6 Bc5 38. Bb5 Qd4 39. Kh3 Kf6 40. Qg2 Qd1 41. Qa8 Qxh5+ 42. Kg2 Qe2+ 43. Kh3 Qf1+ 0-1